000 00631cam a2200217 4500
001 58
005 20230410102034.0
008 060907s2001 dr spa
020 _a9993423181
035 _9funglode58
041 _aspa
050 1 4 _a118 HE 151
_bH552p 2001
082 0 0 _a388.4132
100 1 _aHermann, Hamlet,
_d1934-
245 1 0 _aPara vencer el caos :
_botro intento de organizar el transporte /
_cHamlet Hermann
260 _aSanto Domingo :
_bAmigo del Hogar,
_c2001
300 _a317 p.
650 4 _aTransporte urbano
_zRepública Dominicana.
650 4 _aIngeniería del tránsito.
942 _2lcc
_cbk
999 _c17802
_d17802